000 00574nam a2200229Ia 4500
003 OSt
005 20230504104520.0
008 210423s2010 xx 000 0 und d
020 _a9780070634244
040 _cAL
041 _aeng
082 _a621.381 MALA
_223
100 _aMALVINO (Albert);BATES (David J).
_996784
245 _aElectronic principles.
250 _a7
260 _aNew Delhi
_bTata McGraw-hill
_c2010
300 _axx,1018
_bPB
365 _b525
_cINR
650 _aElectronics
_996785
906 _aElectronic ; principles.
942 _2ddc
_cBK
999 _c161985
_d161985